Normal view MARC view
  • Chakravarti, Aruna,

Entry Personal Name

Number of records used in: 2

001 - CONTROL NUMBER

  • control field: 11870

003 - CONTROL NUMBER IDENTIFIER

  • control field: NUST

005 - DATE AND TIME OF LATEST TRANSACTION

  • control field: 20180719092652.0

008 - FIXED-LENGTH DATA ELEMENTS

  • fixed length control field: 180719|| aca||aabn | a|a d

040 ## - CATALOGING SOURCE

  • Original cataloging agency: NUST
  • Transcribing agency: NUST

100 ## - HEADING--PERSONAL NAME

  • Personal name: Chakravarti, Aruna,
  • Dates associated with a name: 1939-

670 ## - SOURCE DATA FOUND

  • Source citation: Work cat.: (NUST)173356: Caṭṭopādhyāya, Śaratcandra, 1876-1938. 11868, The Saratchandra omnibus /, 2005-
© 2023 Central Library, National University of Sciences and Technology. All Rights Reserved.